LEADER 00844nam0 2200265 450 001 000005540 005 20041027133846.0 010 $a88-217-1958-8 100 $a20041027d2004----km-y0itay50------ba 101 0 $aita 102 $aIT 105 $ay-------001cy 200 1 $aAgenzie di viaggio e tour operator$fSalvatore Giordano 210 $aAssago [Mi]$cIpsoa$d[2004] 215 $a146 p$d24 cm 225 2 $aPratica contabile$frivista di contabilità, bilancio e organizzazione amministrativa 410 0$12001$aPratica contabile 610 1 $aAgenzie di viaggio e turismo 676 $a338.4791068 700 1$aGiordano,$bSalvatore$0471615 801 0$aIT$bUNIPARTHENOPE$gRICA$2UNIMARC 912 $a000005540 951 $cNAVA1$a338-A/20$b37172$d20041027 996 $aAgenzie di viaggio e tour operator$91206128 997 $aUNIPARTHENOPE LEADER 01229nam0 2200337 450 001 000030862 005 20161220124415.0 010 $a978-88-940689-1-7$bVol. 1 010 $a978-88-940689-2-4$bVol. 2 100 $a20160224d2015----km-y0itay50------ba 101 0 $aita 102 $aIT 105 $ay-------001yy 200 1 $a<>giustizia sportiva$fa cura di Michele Colucci e Salvatore Civale$gin collaborazione con Associazione Italiana Avvocati dello Sport 210 $aNocera Inferiore (SA)$cSport Law and Policy Centre (SLPC)$d2015 215 $a2 v.$d24 cm 327 1 $av. 1:[ La giustizia sportiva internazionale e comparata]. - 592 p.$av. 2:[La giustizia sportiva nazionale]. - 928 p. 410 0$12001 500 10$a<>giustizia sportiva$9725562 610 1 $aSport$aLegislazione 610 1 $aFederazioni sportive 676 $a344.099$v21 702 1$aColucci,$bMichele 702 1$aCivale,$bSalvatore 712 02$aAssociazione Italiana Avvocati dello Sport 801 0$aIT$bUNIPARTHENOPE$c20160224$gRICA$2UNIMARC 912 $a000030862 951 $a344-G/2 I$b45925$cNAVA1$d2016 951 $a344-G/2 II$b45926$cNAVA1$d2016 996 $aGiustizia sportiva$9725562 997 $aUNIPARTHENOPE